Pintando al gouache
Guardado en:
| Autor principal: | |
|---|---|
| Formato: | Libro |
| Lenguaje: | español |
| Publicado: |
Barcelona
Ediciones Ceac
1971
|
| Edición: | 1a. ed |
| Materias: | |
| Etiquetas: |
Agregar Etiqueta
Sin Etiquetas, Sea el primero en etiquetar este registro!
|
MARC
| LEADER | 00000cam a2200000 a 4500 | ||
|---|---|---|---|
| 001 | UCE9137 | ||
| 003 | CL-VaPUC | ||
| 008 | 150928e19710000sp |||||||||||||||||spa|d | ||
| 082 | 0 | 4 | |a 751.426 |b COM |2 21 |
| 100 | 0 | |a Comamala, Juan T |e author |9 581854 | |
| 245 | 1 | 0 | |a Pintando al gouache |
| 250 | |a 1a. ed | ||
| 300 | |a 141 p | ||
| 942 | |c BK | ||
| 945 | |d 20150928 14:02:00 |a gsalatino | ||
| 260 | |a Barcelona |b Ediciones Ceac |c 1971 | ||
| 650 | 0 | |a Técnica |9 310682 | |
| 650 | 0 | |a Color |9 265507 | |
| 650 | 7 | |a ESTILO ARTISTICO |2 CL-VaPUC |9 545426 | |
| 583 | |a last modification |c 20150928 14:02:00 |k Rodrigo Vera | ||
| 999 | |c 360835 |d 360833 | ||
| 952 | |0 0 |1 0 |2 ddc |3 erd |4 0 |6 751_426000000000000_COM_1971 |7 0 |8 A |9 470808 |a BIBART |b BIBART |i 520044K |o 751.426 COM 1971 |p 520044K |r 2025-03-13 |w 2019-11-23 |y BK |z Catalogado en:20150928 |k SRS | ||